00601 2200169 4500245004200000020002200042250001100064100002000075650002000095005001900115260003000134041001400164084000800178300002200186500021400208336000900422 aMentari ImpiancDewi Cendika ZrhText a978-602-242-158-0 aCet. 1 aDewi Cendika Zr aNovel Indonesia a20231004095417 aBandungbDAR! Mizanc2013 aIndonesia a813 a156 hlm. :cilus. aPasha tak habis pikir, kenapa , miss oh bete begitu membencinya? Sampai berani menyebar fitnah! Apalagi, sejak cerpenya dimuat dimajalah remaja. Tentunya ada sejarah unik,sehingga dia menyandang nama aneh itu. atext